Southville International School and Colleges
Your cart is empty.
  • Cart
  • Lists
    Public lists Eva Luna New books Lux_list list_1
    Your lists Log in to create your own lists
  • Log in to your account
  • Your cookies
  • Search history
Southville International School and Colleges
  • Advanced search
  • Recent comments
  • Most popular
  • Libraries

Log in to your account

Log in with GOOGLE


If you do not have an external account, but do have a local account, you can still log in:

  1. Home
  2. MARC view: Values: The Me I'm learning to be /
Normal view MARC view ISBD view

Values: The Me I'm learning to be / (Record no. 112725)

[ view plain ]
MARC details
000 -LEADER
fixed length control field 00529nam a2200181 a 4500
001 - CONTROL NUMBER
control field 4031
005 - DATE AND TIME OF LATEST TRANSACTION
control field 20140414131948.0
008 - FIXED-LENGTH DATA ELEMENTS--GENERAL INFORMATION
fixed length control field 081119s19uu xx 00 eng d
020 ## - INTERNATIONAL STANDARD BOOK NUMBER
International Standard Book Number 1-74025-749-9
050 ## - LIBRARY OF CONGRESS CALL NUMBER
Classification number TR 170
Item number F74 2002
100 ## - MAIN ENTRY--PERSONAL NAME
Personal name Forte, Imogene
245 ## - TITLE STATEMENT
Title Values: The Me I'm learning to be /
Statement of responsibility, etc Imogene Forte.
250 ## - EDITION STATEMENT
Edition statement Revised Edition
260 ## - PUBLICATION, DISTRIBUTION, ETC. (IMPRINT)
Place of publication, distribution, etc Victoria, Australia :
Name of publisher, distributor, etc Hawker Brownlow Education,
Date of publication, distribution, etc 2002.
300 ## - PHYSICAL DESCRIPTION
Extent 79 p. ; ill.
650 ## - SUBJECT ADDED ENTRY--TOPICAL TERM
Topical term or geographic name as entry element Values activities
General subdivision Juvenile literature
Holdings
Withdrawn status Lost status Damaged status Use restrictions Home library Current library Shelving location Date acquired Source of acquisition Cost, normal purchase price Total Checkouts Full call number Barcode Date last seen Price effective from Koha item type
        Munich Library Munich Library Teachers Reference Section 11/19/2008   180.00   TR 170 F74 2002 M4107 04/14/2014 04/14/2014 Books

Values: The Me I'm learning to be /

APA

Forte I., . (2002). Values: The Me I'm learning to be. Victoria, Australia: Hawker Brownlow Education.

Chicago

Forte Imogene, . 2002. Values: The Me I'm learning to be. Victoria, Australia: Hawker Brownlow Education.

Harvard

Forte I., . (2002). Values: The Me I'm learning to be. Victoria, Australia: Hawker Brownlow Education.

MLA

Forte Imogene, . Values: The Me I'm learning to be. Victoria, Australia: Hawker Brownlow Education. 2002.

  • Place hold
  • Print
  • Cite
  • Add to your cart (remove)
  • Save record
    BIBTEX Dublin Core MARCXML MARC (non-Unicode/MARC-8) MARC (Unicode/UTF-8) MARC (Unicode/UTF-8, Standard) MODS (XML) RIS
  • More searches
    Search for this title in:
    Other Libraries (WorldCat) Other Databases (Google Scholar) Online Stores (Bookfinder.com) Open Library (openlibrary.org)

Exporting to Dublin Core...

SOUTHVILLE LIBRARY

Southville International School and Colleges Library

1281 Tropical Ave. Cor. Luxembourg St., BF Homes International, Las Pinas City

Tel. No. 8256374 / 252358 Loc. 117/146

Powered by Koha